Miejscowości na trasie linii 207 PKS Słupsk. - Statystyki

Ogólne statystyki
  • Ten quiz został rozwiązany 9 razy
  • Średni wynik to 6 z 7
Statystyki odpowiedzi
Miejscowość % Poprawnych
1. Słupsk
100%
4.{Wybrane kursy} Grąsino
88%
3. Jezierzyce
88%
5. Jezierzyce
88%
2. Siemianice
88%
7. Bukówka
75%
6. Jezierzyce Osiedle
50%
Nie znaleziono quizów pasujących do podanych kryteriów
Rozkład punktacji
Procent ludzi z każdym wynikiem
Percentyl według liczby udzielonych odpowiedzi
Twoja historia wyników
Nie rozwiązałeś tego quizu